<A> handbook of human resource management practice

Saved in:
Bibliographic Details
Main Author: Armstrong, Michael
Format: Book
Language:English
Published: London Kogan Page 2006
Edition:10. ed.
Subjects:
Tags: Add Tag
No Tags, Be the first to tag this record!

MARC

LEADER 00000nam$a2200000$$$4500
001 0055937
005 20240313132940.0
020 |a 0-7494-4631-5 
041 0 |a eng 
044 |a GB 
245 1 0 |a <A> handbook of human resource management practice  |c Michael Armstrong 
250 |a 10. ed. 
264 1 |a London  |b Kogan Page  |c 2006 
300 |a 982 s. 
610 2 0 |a riadenie ľudských zdrojov 
610 2 0 |a personalistika 
610 2 0 |a kapitál ľudský 
610 2 0 |a práca 
610 2 0 |a zamestnanosť 
610 2 0 |a správanie organizačné 
610 2 0 |a organizácia 
610 2 0 |a manažment personálny 
610 2 0 |a odmeňovanie 
610 2 0 |a miesta pracovné 
610 2 0 |a zamestnanci 
610 2 0 |a vzťahy pracovné 
610 2 0 |a zdravie 
610 2 0 |a bezpečnosť práce 
610 2 0 |a zabezpečenie sociálne 
610 2 0 |a systémy informačné 
100 1 |a Armstrong, Michael